Limitem jsme my sami

Logistické firmy už vo viac ako rok ťahajúcej sa koronakríze, preukázali vysokú mieru flexibility. Pandémia dobre preverila dva piliere našej práce v logistike a to štandardizáciu a flexibilitu, hovorí Jan Pihar, ktorý vedie spoločnosť Dachser Česká republika, ako jej generálny riaditeľ. So spolupra...

Ausführliche Beschreibung

Gespeichert in:
Bibliographische Detailangaben
1. Verfasser: Hubička, Filip
Weitere Verfasser: Toman, Pavel
Format: Buchkapitel
Sprache:Tschechisch
Schlagworte:
Tags: Tag hinzufügen
Keine Tags, Fügen Sie das erste Tag hinzu!

MARC

LEADER 00000naa a2200000 4500
001 0273942
005 20210525105206.8
041 0 |a cze 
044 |a CZ 
245 1 0 |a Limitem jsme my sami  |c Filip Hubička, Pavel Toman 
520 |a Logistické firmy už vo viac ako rok ťahajúcej sa koronakríze, preukázali vysokú mieru flexibility. Pandémia dobre preverila dva piliere našej práce v logistike a to štandardizáciu a flexibilitu, hovorí Jan Pihar, ktorý vedie spoločnosť Dachser Česká republika, ako jej generálny riaditeľ. So spolupracovníkmi musí reagovať na výzvy akými sú pandémia covid-19 , brexit a tiež spomalenie toku tovaru po niekoľko dennom zablokovaní Suezskéno prieplavu. Dachser patrí medzi spoločnosti, ktoré na zložité obdobie reagujú rozvojom technológií. 
610 2 0 |a logistika 
610 2 0 |a firmy 
610 2 0 |a flexibilita 
610 2 0 |a pandémia 
610 2 0 |a bariéry obchodu zahraničného 
610 2 0 |a preprava 
610 2 0 |a výmena tovarová 
610 2 0 |a reťazce dodávateľsko-odberateľské 
610 2 0 |a reťazce logistické 
610 2 0 |a strata 
100 1 |a Hubička, Filip 
700 1 |a Toman, Pavel